00262nam a2200085Ia 4500008004100000100002000041245005500061260005100116300000900167190216s9999||||xx |||||||||||||| ||und|| aChattopadhyay P 0aDecisional Phenomena And The Management Accountant bThe Institute Of Cost & Works Accountansc1970 a209p